Statistics for Pixar Movies by Characters

Click here to take the quiz!

General Stats

  • This quiz has been taken 268 times
  • The average score is 11 of 15

Answer Stats

Character 1 Character 2 Movie % Correct
DoriMarlinFinding Nemo
99%
WoodyAndyToy Story
89%
JoyAngerInside Out
88%
BooJames SullivanMonsters, Inc.
83%
JessieStinky PeteToy Story 2
80%
ElastigirlDashThe Incredibles
80%
M-OBURN-EWALL-E
74%
MaterDoc HudsonCars
73%
MeridaMartinBrave
71%
DugRussellUp
70%
Mr. PricklepantsLots-'O'Toy Story 3
64%
FlikMoltA Bug's Life
53%
EmileAnton EgoRatatouille
47%
Holey ShiftwellFrancesco B.Cars 2
44%
SquishyMs. SquibblesMonsters University
39%

Score Distribution

Percentile by Number Answered

Percent of People with Each Score

Your Score History

You have not taken this quiz